000 00352pam a2200157a 44500
008 230515b2017 xxu||||| |||| 00| 0 eng d
020 _aNULL
041 _aENGLISH
082 _a610
100 _aJACINATHA DISOZA
245 _aCBS DICTIONARY FOR NURSES
250 _a1
260 _a
_bCBS PUBLICATION, ,
_c2017
300 _a834
650 _aNULL
999 _c531815
_d531815